Výber básní ovplyvnilo mrazivé počasie Zo štúdia Slovenského rozhlasu vysielali Poéziu naživo

Bibliographic Details
Main Author: ato (Author)
Corporate Author: Slovenský rozhlas. Štúdio Košice (Author)
Format: Article
Language:Slovak
PhysicalDescription:1 obr.
Subjects:

MARC

LEADER 00000nab a2200000 a 4500
001 vtls000910579
003 SK-MaSNL
005 20260303195923.0
008 040720e20021212xo 0 slo
035 |a KE19501 
040 |a KEVKJB  |b slo  |c KEVKJB  |e AACR2 
041 0 |a slo 
044 |a xo  |c SK 
080 |a 7.096  |2 1981 
100 0 |a ato  |4 aut  |9 872578 
245 1 0 |a Výber básní ovplyvnilo mrazivé počasie  |b Zo štúdia Slovenského rozhlasu vysielali Poéziu naživo 
300 |b 1 obr. 
610 2 7 |a Slovenský rozhlas.  |b Štúdio Košice  |2 KEVKJB  |9 232326 
610 2 7 |a Rádio Regina  |2 KEVKJB  |9 215931 
611 1 7 |a Poézia naživo (relácia rozhlasová)  |2 KEVKJB  |9 879968 
650 0 7 |a relácie rozhlasové  |2 KEVKJB  |9 877562 
650 0 7 |a informácie  |2 KEVKJB  |9 1285 
651 7 |a Košice (Slovensko)  |2 KEVKJB  |9 18694 
651 7 |a KE,  |2 KEVKJB  |9 877256 
655 7 |a periodikum  |2 snkbucl  |9 29553 
710 2 |a Slovenský rozhlas.  |b Štúdio Košice  |4 aut  |9 232326 
773 0 8 |t Košický večer  |g Roč. 13  |g Roč. 34, č.240, 12.12.2002, s. 7 
852 |a ZVYKNI  |b KIS3GCP 
999 |c 2165513  |d 2167443